Social psychology for social work and the mental health professions /

Bibliographic Details
Main Author: Feld, Sheila, 1932-
Other Authors: Radin, Norma, 1926-
Format: Book
Language:English
Published: New York : Columbia University Press, 1982.
Subjects:

MARC

Tag First Indicator Second Indicator Subfields
LEADER 00000pam a2200000 a 4500
001 in00000097087
005 20150924084959.0
008 810925s1982 nyu b 00110 eng
010 |a  81017061  
020 |a 023104190X :  |c $17.50 
035 |a (OCoLC)07875596 
035 |9 AAK8960AM 
039 0 |a 2  |b 3  |c 3  |d 3  |e 3 
040 |a DLC  |c DLC  |d TXA  |d UtOrBLW 
043 |a n-us--- 
049 |a TXAM  |c [1197177] 
050 0 0 |a HM291  |b  F39 1982 
082 0 |a 302  |2 19 
100 1 |a Feld, Sheila,  |d 1932- 
245 1 0 |a Social psychology for social work and the mental health professions /  |c Sheila Feld & Norma Radin. 
264 1 |a New York :  |b Columbia University Press,  |c 1982. 
300 |a x, 581 pages ;  |c 24 cm. 
336 |a text  |b txt  |2 rdacontent 
337 |a unmediated  |b n  |2 rdamedia 
338 |a volume  |b nc  |2 rdacarrier 
500 |a Includes indexes. 
504 |a Bibliography: pages 499-559. 
650 0 |a Social psychology. 
650 0 |a Social service  |z United States  |x Methodology. 
700 1 |a Radin, Norma,  |d 1926- 
999 |a MARS 
999 f f |s 7d770da9-5777-3983-a556-cf8e5f500cca  |i ec0bb19b-9bed-3a93-a148-c901e306ef98  |t 0 
952 f f |p ric  |a Texas A&M University  |b Rellis Campus  |c Joint Library Facility  |d Remote Storage  |t 0  |e HM291 F39 1982  |h Library of Congress classification  |i unmediated -- volume  |m A14806040851 
998 f f |a HM291 F39 1982  |t 0  |l Remote Storage